000 01240cam a2200349 i 4500
001 65425
003 Mx-PuUPA
005 20240410104238.0
008 010319s1998 mx gr 001 f spa d
020 _a9700509079
040 _aMx-PuUPA
_bspa
_cMx-PuUPA
_dMx-PuUPA
_erda
041 1 _aspa
_heng
100 1 _913600
_aGreen, George Dawes,
_d1654-
_eautor
240 1 4 _aThe juror.
245 1 0 _aJurado 224 /
_cGeorge Dawes Green ; traducción, Eduardo G. Murillo
264 1 _aMéxico, D. F. :
_bEditorial Grijalbo,
_c©1998
300 _a396 páginas ;
_c17 cm
336 _2rdacontent
_atexto
_btxt
337 _2rdamedia
_asin medio
_bn
338 _2rdacarrier
_avolumen
_bnc
490 0 _aGrijalbo Pocket
650 7 _2armarc
_aJuicios (Asesinato)
_vNovela
650 7 _2armarc
_aMujeres jurados
_vNovela
650 7 _2armarc
_aMafía
_xNovela
650 7 _2armarc
_aMafía
_zNueva York (Estado)
_vNovela
700 1 _aMurillo, Eduardo G.,
_etraductor
765 0 8 _aGreen, George Dawes, 1654-
_bNueva York : Warner Books, 1995
_tThe juror.
942 _2ddc
_cLI
_h813.54
_iG786
999 _c65425
_d65425